[Event "44th Chess Olympiad Open 2022"]
[Site "Chennai"]
[Date "2022.07.30"]
[Round "2.39"]
[White "Mohammed, Zozek Salah Mohammed"]
[Black "Blagojevic, Dragisa"]
[Result "0-1"]
[WhiteElo "2232"]
[BlackElo "2499"]
[Annotator "TA"]
[PlyCount "106"]
[EventDate "2022.07.29"]
[EventType "team-tourn"]
[EventCountry "IND"]
[SourceTitle "playchess.com"]
[Source "ChessBase"]
[SourceQuality "1"]
[WhiteTeam "Iraq"]
[BlackTeam "Montenegro"]
[WhiteTeamCountry "IRQ"]
[BlackTeamCountry "MNE"]

1. d4 d5 2. c4 e6 3. Nf3 Nf6 4. g3 dxc4 5. Bg2 Bb4+ 6. Bd2 a5 7. O-O O-O 8. Bg5
Nc6 9. e3 h6 10. Bxf6 Qxf6 11. Qc2 e5 12. d5 Ne7 13. Nfd2 Rd8 14. Ne4 Qa6 15.
a3 Bd6 16. Nbd2 Nxd5 17. Nxd6 Qxd6 18. Nxc4 Qc5 19. Rfc1 f6 20. Qd2 Be6 21.
Nxe5 Qe7 22. Nd3 Bf7 23. Qe2 c6 24. Nc5 a4 25. Qc2 Nb6 26. Rd1 Rxd1+ 27. Rxd1
Nc4 28. Nxa4 Nxe3 29. fxe3 Qxe3+ 30. Qf2 Qxf2+ 31. Kxf2 Rxa4 32. Rd8+ Kh7 33.
Rd7 Bg6 34. Rxb7 Rc4 35. Re7 Bd3 36. Ke3 Bf5 37. Be4 Bxe4 38. Rxe4 Rc2 39. Rb4
Rxh2 40. a4 Rh3 41. Kf3 Rh5 42. Rb6 Rc5 43. Ke3 h5 44. b4 Rc3+ 45. Kd4 Rxg3 46.
Rxc6 h4 47. Rc1 Ra3 48. a5 g5 49. Kc5 g4 50. Rh1 h3 51. Kb6 Kg6 52. a6 Kg5 53.
a7 Kh4 0-1

[Event "44th Chess Olympiad Open 2022"]
[Site "Chennai"]
[Date "2022.07.30"]
[Round "2.40"]
[White "Nogerbek, Kazybek"]
[Black "Sharifov, Mekhriddin"]
[Result "1-0"]
[WhiteElo "2437"]
[BlackElo "2097"]
[Annotator "TA"]
[PlyCount "55"]
[EventDate "2022.07.29"]
[EventType "team-tourn"]
[EventCountry "IND"]
[SourceTitle "playchess.com"]
[Source "ChessBase"]
[SourceQuality "1"]
[WhiteTeam "Kazakhstan"]
[BlackTeam "Tajikistan"]
[WhiteTeamCountry "KAZ"]
[BlackTeamCountry "TJK"]

1. c4 Nf6 2. Nc3 e6 3. Nf3 c5 4. g3 b6 5. Bg2 Bb7 6. O-O Be7 7. d4 cxd4 8. Qxd4
d6 9. b3 O-O 10. Rd1 Nbd7 11. e4 a6 12. Ba3 Nc5 13. e5 dxe5 14. Qxd8 Rfxd8 15.
Nxe5 Bxg2 16. Kxg2 Bf8 17. Bxc5 bxc5 18. Na4 g5 19. Kf3 h5 20. h3 Bg7 21. Nc6
Rxd1 22. Rxd1 g4+ 23. hxg4 hxg4+ 24. Kg2 Ne4 25. Rd7 Kh7 26. Rxf7 Rc8 27. Ne5
Nf6 28. Re7 1-0

[Event "44th Chess Olympiad Open 2022"]
[Site "Chennai"]
[Date "2022.07.30"]
[Round "2.40"]
[White "Khusenkhojaev, Muhammad"]
[Black "Suleymenov, Alisher"]
[Result "1-0"]
[WhiteElo "2397"]
[BlackElo "2467"]
[Annotator "TA"]
[PlyCount "77"]
[EventDate "2022.07.29"]
[EventType "team-tourn"]
[EventCountry "IND"]
[SourceTitle "playchess.com"]
[Source "ChessBase"]
[SourceQuality "1"]
[WhiteTeam "Tajikistan"]
[BlackTeam "Kazakhstan"]
[WhiteTeamCountry "TJK"]
[BlackTeamCountry "KAZ"]

1. d4 Nf6 2. c4 g6 3. g3 Bg7 4. Bg2 O-O 5. Nc3 d6 6. Nf3 Nc6 7. O-O e5 8. d5
Nb8 9. e4 a5 10. Re1 Na6 11. Rb1 Nc5 12. b3 c6 13. Ba3 cxd5 14. Bxc5 dxc5 15.
cxd5 Ne8 16. Nd2 f5 17. Bh3 Bd7 18. a4 Nd6 19. Nc4 Nf7 20. d6 Ng5 21. Bg2 f4
22. Qd5+ Be6 23. Qxb7 Qf6 24. Nd5 Bxd5 25. Qxd5+ Kh8 26. Qxc5 Ne6 27. Qd5 Nd4
28. Kh1 Qg5 29. Red1 Ne2 30. Rd3 fxg3 31. fxg3 Rad8 32. Qc5 Qh5 33. Re1 Rd7 34.
Nb6 Rdd8 35. Nc4 Rd7 36. Qxa5 Rf2 37. Qa8+ Bf8 38. Qe8 Qg4 39. Nxe5 1-0

[Event "44th Chess Olympiad Open 2022"]
[Site "Chennai"]
[Date "2022.07.30"]
[Round "2.40"]
[White "Khusenkhojaev, Mustafokhuja"]
[Black "Urazayev, Arystanbek"]
[Result "1/2-1/2"]
[WhiteElo "2238"]
[BlackElo "2430"]
[Annotator "TA"]
[PlyCount "93"]
[EventDate "2022.07.29"]
[EventType "team-tourn"]
[EventCountry "IND"]
[SourceTitle "playchess.com"]
[Source "ChessBase"]
[SourceQuality "1"]
[WhiteTeam "Tajikistan"]
[BlackTeam "Kazakhstan"]
[WhiteTeamCountry "TJK"]
[BlackTeamCountry "KAZ"]

1. d4 Nf6 2. Nf3 d5 3. c4 e6 4. g3 Bb4+ 5. Bd2 a5 6. Bg2 O-O 7. Qc2 c5 8. cxd5
cxd4 9. Nxd4 Qb6 10. e3 exd5 11. O-O Nc6 12. Nxc6 bxc6 13. Rc1 Rb8 14. Nc3 h5
15. Na4 Qd8 16. Bxb4 Rxb4 17. b3 h4 18. a3 Rb8 19. Rab1 h3 20. Bf1 Re8 21. Nc5
Qe7 22. Qc3 Bf5 23. Rb2 Ne4 24. Qd4 Ng5 25. Qf4 Qf6 26. Ra2 Qg6 27. Be2 Ne4 28.
Nxe4 Bxe4 29. Rb2 c5 30. Rxc5 Rbc8 31. b4 Qb6 32. Rxc8 Rxc8 33. f3 Qc6 34. Rd2
Qc1+ 35. Rd1 Qb2 36. Bf1 Rc2 37. fxe4 Rg2+ 38. Kh1 Rxh2+ 39. Kg1 Rg2+ 40. Kh1
Rh2+ 41. Kg1 Rg2+ 42. Kh1 Rf2 43. Qb8+ Kh7 44. Qf4 Kg8 45. Rb1 Qd2 46. Rd1 Qb2
47. Rd2 1/2-1/2

[Event "44th Chess Olympiad Open 2022"]
[Site "Chennai"]
[Date "2022.07.30"]
[Round "2.41"]
[White "Li, Georgiy"]
[Black "Dobrovoljc, Vid"]
[Result "1-0"]
[WhiteElo "1994"]
[BlackElo "2398"]
[Annotator "TA"]
[PlyCount "77"]
[EventDate "2022.07.29"]
[EventType "team-tourn"]
[EventCountry "IND"]
[SourceTitle "playchess.com"]
[Source "ChessBase"]
[SourceQuality "1"]
[WhiteTeam "Korea"]
[BlackTeam "Slovenia"]
[WhiteTeamCountry "KOR"]
[BlackTeamCountry "SLO"]

1. c4 e5 2. Nc3 Bb4 3. g3 Bxc3 4. bxc3 Nc6 5. Bg2 d6 6. d3 f5 7. f4 e4 8. dxe4
Nf6 9. e5 Ne4 10. exd6 O-O 11. Bxe4 fxe4 12. Qd5+ Kh8 13. Be3 cxd6 14. Rd1 Qf6
15. Bd4 Qg6 16. c5 Be6 17. Qg5 Qxg5 18. fxg5 Nxd4 19. cxd4 dxc5 20. d5 Bd7 21.
h4 Rad8 22. h5 Ba4 23. Rd2 c4 24. e3 b5 25. Rh4 c3 26. Rd4 c2 27. Ne2 Rf3 28.
Rhxe4 Rxg3 29. Kf2 Rxg5 30. d6 Rxh5 31. d7 Rf5+ 32. Ke1 Kg8 33. Kd2 a5 34. Re8+
Rf8 35. Rxd8 Rxd8 36. Nc3 Kf7 37. Nxa4 bxa4 38. Kxc2 Ke7 39. Rxa4 1-0

[Event "44th Chess Olympiad Open 2022"]
[Site "Chennai"]
[Date "2022.07.30"]
[Round "2.42"]
[White "Salinas Herrera, Pablo"]
[Black "Chavez, Ricardo Ernesto"]
[Result "1-0"]
[WhiteElo "2526"]
[BlackElo "2179"]
[Annotator "TA"]
[PlyCount "89"]
[EventDate "2022.07.29"]
[EventType "team-tourn"]
[EventCountry "IND"]
[SourceTitle "playchess.com"]
[Source "ChessBase"]
[SourceQuality "1"]
[WhiteTeam "Chile"]
[BlackTeam "El Salvador"]
[WhiteTeamCountry "CHI"]
[BlackTeamCountry "ESA"]

1. e4 g6 2. d4 Bg7 3. Nf3 d6 4. Be2 Nf6 5. Nc3 O-O 6. O-O e6 7. Re1 a6 8. Bf4
Nc6 9. Bf1 h6 10. h3 Ne7 11. Qd2 Kh7 12. Rad1 b6 13. Bg3 Bb7 14. Qe2 Re8 15. e5
Nfg8 16. Ne4 Bxe4 17. Qxe4 d5 18. Qf4 b5 19. Bd3 Nf5 20. Bh2 Qd7 21. g4 Nfe7
22. Bg3 Rac8 23. h4 Kh8 24. Kg2 Rf8 25. Qe3 Rce8 26. Rh1 c5 27. dxc5 Nc6 28. c3
f5 29. exf6 Nxf6 30. Bxg6 Nxg4 31. Qe2 e5 32. Bxe8 Rxe8 33. h5 e4 34. Nh4 Nce5
35. Ng6+ Kh7 36. Rh4 Nf3 37. Rh3 d4 38. cxd4 Nxd4 39. Rxd4 Bxd4 40. Qxe4 Rxe4
41. Nf8+ Kg8 42. Nxd7 Kf7 43. c6 Bxb2 44. c7 Rc4 45. Nb6 1-0

[Event "44th Chess Olympiad Open 2022"]
[Site "Chennai"]
[Date "2022.07.30"]
[Round "2.42"]
[White "Perez Gormaz, Matias"]
[Black "Arias, Lemnys A."]
[Result "1-0"]
[WhiteElo "2387"]
[BlackElo "2258"]
[Annotator "TA"]
[PlyCount "89"]
[EventDate "2022.07.29"]
[EventType "team-tourn"]
[EventCountry "IND"]
[SourceTitle "playchess.com"]
[Source "ChessBase"]
[SourceQuality "1"]
[WhiteTeam "Chile"]
[BlackTeam "El Salvador"]
[WhiteTeamCountry "CHI"]
[BlackTeamCountry "ESA"]

1. e4 c5 2. Nf3 d6 3. d4 cxd4 4. Nxd4 Nf6 5. Nc3 a6 6. Be3 e5 7. Nf3 Be7 8. Bc4
Qc7 9. Bb3 Be6 10. O-O O-O 11. Nh4 g6 12. Bh6 Re8 13. Qd2 Nc6 14. Nf5 Bxf5 15.
exf5 Nd4 16. fxg6 hxg6 17. Bg5 Qc6 18. Bxf6 Bxf6 19. Bd5 Qb6 20. Ne4 Bg7 21. c3
Ne6 22. g3 Rad8 23. a4 a5 24. Ra3 Qc7 25. Rd1 b6 26. h4 Qe7 27. Qe3 Nc5 28. Ng5
Rf8 29. b4 Nd7 30. Qe4 Qf6 31. Rd3 Qf5 32. Rf3 Nf6 33. Rxf5 Nxe4 34. Rxf7 Nxg5
35. Rxf8+ Kxf8 36. hxg5 Rc8 37. bxa5 bxa5 38. c4 Ke8 39. Rb3 Bf8 40. Rb5 Be7
41. Rxa5 Bxg5 42. Ra7 Bd8 43. Rg7 g5 44. Rg6 Be7 45. Rg8+ 1-0

[Event "44th Chess Olympiad Open 2022"]
[Site "Chennai"]
[Date "2022.07.30"]
[Round "2.42"]
[White "Burgos Figueroa, Carlos E."]
[Black "Lopez Silva, Hugo"]
[Result "0-1"]
[WhiteElo "2164"]
[BlackElo "2403"]
[Annotator "TA"]
[PlyCount "70"]
[EventDate "2022.07.29"]
[EventType "team-tourn"]
[EventCountry "IND"]
[SourceTitle "playchess.com"]
[Source "ChessBase"]
[SourceQuality "1"]
[WhiteTeam "El Salvador"]
[BlackTeam "Chile"]
[WhiteTeamCountry "ESA"]
[BlackTeamCountry "CHI"]

1. Nf3 Nf6 2. g3 c5 3. c4 g6 4. b3 Bg7 5. Bb2 d6 6. Bg2 e5 7. d3 Nc6 8. Nbd2
O-O 9. O-O h6 10. a3 Rb8 11. b4 b6 12. Ne1 Bb7 13. Nc2 Nd4 14. Bxb7 Rxb7 15.
Bxd4 exd4 16. Rb1 Re7 17. Re1 d5 18. bxc5 bxc5 19. Rb5 Qc8 20. e4 dxe3 21. Rxe3
Rd7 22. Qe2 Rfd8 23. Nb3 Bf8 24. Qf3 Kg7 25. Re1 dxc4 26. dxc4 Rd3 27. Ne3 a6
28. Rb6 Nd7 29. Rc6 Qa8 30. Nc1 Rd6 31. Rxd6 Qxf3 32. Rd5 Qf6 33. Red1 Qc6 34.
Ne2 Be7 35. Nf4 Qc8 0-1

[Event "44th Chess Olympiad Open 2022"]
[Site "Chennai"]
[Date "2022.07.30"]
[Round "2.43"]
[White "Gretarsson, Hjorvar Steinn"]
[Black "Bagheri, Amir"]
[Result "0-1"]
[WhiteElo "2563"]
[BlackElo "2375"]
[Annotator "TA"]
[PlyCount "72"]
[EventDate "2022.07.29"]
[EventType "team-tourn"]
[EventCountry "IND"]
[SourceTitle "playchess.com"]
[Source "ChessBase"]
[SourceQuality "1"]
[WhiteTeam "Iceland"]
[BlackTeam "Monaco"]
[WhiteTeamCountry "ISL"]
[BlackTeamCountry "MNC"]

1. e4 c6 2. d4 d5 3. e5 Bf5 4. Nf3 e6 5. Be2 Nd7 6. O-O Bg6 7. a4 Nh6 8. a5 Nf5
9. c4 dxc4 10. Nc3 b5 11. axb6 Nxb6 12. g4 Ne7 13. Nh4 Ned5 14. Nxg6 hxg6 15.
f4 f5 16. exf6 gxf6 17. Ne4 Qc7 18. Qc2 g5 19. Bxc4 Nxc4 20. Qxc4 Bd6 21. Ra6
Kd7 22. Re1 Be7 23. Nc3 Bd6 24. Rxe6 Nxc3 25. bxc3 Rae8 26. d5 Rxe6 27. dxe6+
Ke7 28. Rxc6 Qa5 29. Qd3 Rd8 30. Qh7+ Kxe6 31. f5+ Ke5 32. Qf7 Qd5 33. Qxd5+
Kxd5 34. Ra6 Bc5+ 35. Kg2 Bb6 36. Ba3 Re8 0-1

[Event "44th Chess Olympiad Open 2022"]
[Site "Chennai"]
[Date "2022.07.30"]
[Round "2.43"]
[White "Kjartansson, Gudmundur"]
[Black "Ribbegren, Karl Johan"]
[Result "1-0"]
[WhiteElo "2448"]
[BlackElo "2198"]
[Annotator "TA"]
[PlyCount "59"]
[EventDate "2022.07.29"]
[EventType "team-tourn"]
[EventCountry "IND"]
[SourceTitle "playchess.com"]
[Source "ChessBase"]
[SourceQuality "1"]
[WhiteTeam "Iceland"]
[BlackTeam "Monaco"]
[WhiteTeamCountry "ISL"]
[BlackTeamCountry "MNC"]

1. d4 Nf6 2. c4 c5 3. d5 e6 4. Nc3 exd5 5. cxd5 d6 6. e4 g6 7. f4 Bg7 8. Bb5+
Nfd7 9. a4 Qh4+ 10. g3 Qd8 11. Nf3 O-O 12. O-O Na6 13. Re1 Nc7 14. e5 Nxb5 15.
Nxb5 dxe5 16. fxe5 a6 17. Nc3 Re8 18. Bf4 h6 19. h4 Qa5 20. Qd2 c4 21. e6 fxe6
22. Bxh6 Qc5+ 23. Kg2 Nf6 24. Bxg7 Kxg7 25. Qg5 exd5 26. Rxe8 Nxe8 27. Ne5 Bf5
28. Rf1 Bd3 29. Rf7+ Kg8 30. Qh6 1-0

[Event "44th Chess Olympiad Open 2022"]
[Site "Chennai"]
[Date "2022.07.30"]
[Round "2.43"]
[White "Van Hoolandt, Patrick"]
[Black "Petursson, Margeir"]
[Result "1/2-1/2"]
[WhiteElo "2044"]
[BlackElo "2450"]
[Annotator "TA"]
[PlyCount "133"]
[EventDate "2022.07.29"]
[EventType "team-tourn"]
[EventCountry "IND"]
[SourceTitle "playchess.com"]
[Source "ChessBase"]
[SourceQuality "1"]
[WhiteTeam "Monaco"]
[BlackTeam "Iceland"]
[WhiteTeamCountry "MNC"]
[BlackTeamCountry "ISL"]

1. d4 Nf6 2. c4 e6 3. Nf3 b6 4. Nc3 Bb4 5. Bg5 Bb7 6. e3 h6 7. Bh4 g5 8. Bg3
Ne4 9. Qc2 Bxc3+ 10. bxc3 d6 11. Bd3 f5 12. d5 Na6 13. Bxe4 fxe4 14. Qxe4 Qf6
15. Qxe6+ Qxe6 16. dxe6 O-O-O 17. O-O Nc5 18. Nd4 Rde8 19. f3 Ba6 20. Nb5 Kb8
21. e4 Rxe6 22. Rad1 Rhe8 23. Rfe1 Na4 24. Rb1 Nc5 25. Rbd1 Nd7 26. Rd4 Bc8 27.
Red1 Nc5 28. R4d2 Na4 29. Rc2 Rg6 30. h3 Be6 31. Rd4 Bf7 32. Kh2 Nc5 33. Na3 h5
34. Re2 h4 35. Bf2 Ne6 36. Rd1 Nf4 37. Rb2 Re5 38. c5 dxc5 39. Rd8+ Kb7 40.
Rbd2 Re7 41. Be3 Nh5 42. Kg1 Kc6 43. Kf2 Nf6 44. Ke1 Nd7 45. Rh8 Rg7 46. Kd1 a6
47. Kc1 Re6 48. Ra8 Rd6 49. Kb1 Ne5 50. Rd8 Rgg6 51. Nc2 Bc4 52. R2xd6+ cxd6
53. Rf8 Bf1 54. Ne1 Nd3 55. Nxd3 Bxd3+ 56. Kb2 Bf1 57. Rf5 Bxg2 58. Rxg5 Rxg5
59. Bxg5 Bxf3 60. Bxh4 Bxe4 61. Bf6 Kd5 62. Be7 Ke5 63. Bd8 b5 64. Be7 Ke6 65.
Bf8 a5 66. a3 Bf3 67. h4 1/2-1/2

[Event "44th Chess Olympiad Open 2022"]
[Site "Chennai"]
[Date "2022.07.30"]
[Round "2.44"]
[White "Panjwani, Raja"]
[Black "Kawuma, Patrick"]
[Result "1-0"]
[WhiteElo "2450"]
[BlackElo "2270"]
[Annotator "TA"]
[PlyCount "69"]
[EventDate "2022.07.29"]
[EventType "team-tourn"]
[EventCountry "IND"]
[SourceTitle "playchess.com"]
[Source "ChessBase"]
[SourceQuality "1"]
[WhiteTeam "Canada"]
[BlackTeam "Uganda"]
[WhiteTeamCountry "CAN"]
[BlackTeamCountry "UGA"]

1. d4 Nf6 2. Nf3 e6 3. c4 Bb4+ 4. Bd2 Qe7 5. g3 b6 6. Bg2 Bb7 7. O-O Bxd2 8.
Qxd2 a5 9. Nc3 d6 10. Qc2 O-O 11. e4 e5 12. Nd5 Nxd5 13. cxd5 exd4 14. Nxd4 Na6
15. a3 Rfe8 16. Rac1 g6 17. Rfe1 Qf6 18. Qc4 Nc5 19. b4 axb4 20. axb4 Ba6 21.
Nb5 Nd7 22. f4 Bxb5 23. Qxb5 Qd4+ 24. Kh1 Nf6 25. Qc4 Qxc4 26. Rxc4 Ra4 27. e5
dxe5 28. fxe5 b5 29. Rxc7 Ng4 30. e6 fxe6 31. dxe6 Rxb4 32. Bc6 Rc4 33. e7 Nf6
34. Bxe8 Rxc7 35. Bxb5 1-0

[Event "44th Chess Olympiad Open 2022"]
[Site "Chennai"]
[Date "2022.07.30"]
[Round "2.44"]
[White "Wanyama, Harold"]
[Black "Hansen, Eric"]
[Result "0-1"]
[WhiteElo "2242"]
[BlackElo "2606"]
[Annotator "TA"]
[PlyCount "68"]
[EventDate "2022.07.29"]
[EventType "team-tourn"]
[EventCountry "IND"]
[SourceTitle "playchess.com"]
[Source "ChessBase"]
[SourceQuality "1"]
[WhiteTeam "Uganda"]
[BlackTeam "Canada"]
[WhiteTeamCountry "UGA"]
[BlackTeamCountry "CAN"]

1. d4 Nf6 2. c4 e6 3. g3 d5 4. Bg2 dxc4 5. Nf3 Nc6 6. Qa4 Bb4+ 7. Bd2 Bxd2+ 8.
Nbxd2 O-O 9. Qxc4 e5 10. dxe5 Ng4 11. Qc3 Qe7 12. Nc4 Re8 13. Rd1 Be6 14. Na5
Bxa2 15. Nxc6 bxc6 16. Nd4 Qxe5 17. Bxc6 Bd5 18. Bxa8 Bxa8 19. O-O Nxh2 20.
Rfe1 Qh5 21. e4 c5 22. Nf5 Nf3+ 23. Kf1 Qh3+ 24. Ke2 Rxe4+ 25. Ne3 Re8 26. Qxc5
Nxe1 27. Rxe1 Qg4+ 28. Kd2 Qd7+ 29. Ke2 Qg4+ 30. Kd2 Rd8+ 31. Kc3 Qe6 32. Qxa7
Qe5+ 33. Kc2 Be4+ 34. Kc1 Rc8+ 0-1

[Event "44th Chess Olympiad Open 2022"]
[Site "Chennai"]
[Date "2022.07.30"]
[Round "2.44"]
[White "Okas, Walter"]
[Black "Noritsyn, Nikolay"]
[Result "0-1"]
[WhiteElo "2191"]
[BlackElo "2482"]
[Annotator "TA"]
[PlyCount "96"]
[EventDate "2022.07.29"]
[EventType "team-tourn"]
[EventCountry "IND"]
[SourceTitle "playchess.com"]
[Source "ChessBase"]
[SourceQuality "1"]
[WhiteTeam "Uganda"]
[BlackTeam "Canada"]
[WhiteTeamCountry "UGA"]
[BlackTeamCountry "CAN"]

1. d4 d5 2. Nf3 e6 3. g3 b5 4. Bg2 Nf6 5. O-O Be7 6. Ne5 O-O 7. a4 b4 8. c4 Bb7
9. Qc2 c6 10. Rd1 Nbd7 11. a5 Nxe5 12. dxe5 Nd7 13. e4 Rc8 14. a6 Ba8 15. Qe2
Nb6 16. Nd2 Qc7 17. f4 Rfd8 18. Re1 Bc5+ 19. Kh1 Bd4 20. cxd5 cxd5 21. Nb3 dxe4
22. Bxe4 Bxe4+ 23. Qxe4 Qc4 24. Nd2 Qc2 25. Nf3 Bf2 26. Qxc2 Rxc2 27. Rf1 h6
28. Bd2 Rdxd2 29. Nxd2 Rxd2 30. b3 Nd5 31. Rfd1 Rb2 32. Rd3 Bb6 33. h3 h5 34.
f5 Re2 35. Rc1 Rxe5 36. Rc8+ Kh7 37. fxe6 fxe6 38. Rf8 Kg6 39. Kg2 Re2+ 40. Kh1
Ra2 41. Re8 Kf7 42. Rh8 Nf6 43. Rf3 Kg6 44. Rf4 Rxa6 45. Rxb4 Ra1+ 46. Kg2 Ra2+
47. Kh1 e5 48. Rc8 e4 0-1

[Event "44th Chess Olympiad Open 2022"]
[Site "Chennai"]
[Date "2022.07.30"]
[Round "2.45"]
[White "Bilguun, Sumiya"]
[Black "Mc Intosh, Isaiah"]
[Result "1/2-1/2"]
[WhiteElo "2463"]
[BlackElo "2215"]
[Annotator "TA"]
[PlyCount "97"]
[EventDate "2022.07.29"]
[EventType "team-tourn"]
[EventCountry "IND"]
[SourceTitle "playchess.com"]
[Source "ChessBase"]
[SourceQuality "1"]
[WhiteTeam "Mongolia"]
[BlackTeam "TTO"]
[WhiteTeamCountry "MGL"]

1. e4 e5 2. Nf3 Nc6 3. d4 exd4 4. Nxd4 Bc5 5. Nb3 Bb6 6. Nc3 Nf6 7. Qe2 d6 8.
Be3 Be6 9. O-O-O Qe7 10. Kb1 Bxe3 11. Qxe3 O-O 12. f3 Rad8 13. Nd4 Nxd4 14.
Rxd4 Rfe8 15. Qc1 c6 16. g4 d5 17. g5 Nd7 18. exd5 Nb6 19. Re4 Nxd5 20. Nxd5
Rxd5 21. h4 Rdd8 22. Bd3 Qd7 23. Rhe1 Bd5 24. R4e3 c5 25. b3 g6 26. h5 Re6 27.
hxg6 hxg6 28. Rh1 Rxe3 29. Qxe3 Qd6 30. Qf2 b6 31. Qe3 Bc6 32. Be4 Qe5 33. Qe2
Bxe4 34. fxe4 Rd4 35. Re1 Qxg5 36. e5 Qd2 37. Qf1 Rf4 38. Qh1 Rf2 39. Qe4 Kg7
40. e6 fxe6 41. Qe5+ Kf8 42. Qe4 Kg7 43. Rg1 Rf6 44. Qa8 Qd7 45. Rh1 Rf8 46.
Qg2 Rf5 47. Qa8 Rf8 48. Qe4 Rf5 49. Qa8 1/2-1/2

[Event "44th Chess Olympiad Open 2022"]
[Site "Chennai"]
[Date "2022.07.30"]
[Round "2.45"]
[White "Amartuvshin, Ganzorig"]
[Black "Harper, Ryan"]
[Result "1-0"]
[WhiteElo "2409"]
[BlackElo "2208"]
[Annotator "TA"]
[PlyCount "65"]
[EventDate "2022.07.29"]
[EventType "team-tourn"]
[EventCountry "IND"]
[SourceTitle "playchess.com"]
[Source "ChessBase"]
[SourceQuality "1"]
[WhiteTeam "Mongolia"]
[BlackTeam "TTO"]
[WhiteTeamCountry "MGL"]

1. d4 Nf6 2. c4 g6 3. Nc3 Bg7 4. e4 d6 5. Be2 O-O 6. Nf3 e5 7. d5 c5 8. Bg5 h6
9. Be3 Ng4 10. Bd2 f5 11. h3 Nf6 12. exf5 gxf5 13. Qc1 f4 14. g3 e4 15. Nh4 e3
16. fxe3 fxg3 17. Ng6 Rf7 18. Qc2 g2 19. Rg1 Bxh3 20. O-O-O Ng4 21. Nf4 Rxf4
22. exf4 Qh4 23. Qg6 Nf2 24. Rde1 Na6 25. Rxg2 Bxg2 26. Qxg2 Nb4 27. Rg1 Nbd3+
28. Kc2 Nb4+ 29. Kb3 Qf6 30. Qxf2 a5 31. Na4 Qf5 32. Bc3 Qc2+ 33. Ka3 1-0

[Event "44th Chess Olympiad Open 2022"]
[Site "Chennai"]
[Date "2022.07.30"]
[Round "2.45"]
[White "Munro, Allan"]
[Black "Gan-Erdene, Sugar"]
[Result "0-1"]
[WhiteElo "2008"]
[BlackElo "2428"]
[Annotator "TA"]
[PlyCount "82"]
[EventDate "2022.07.29"]
[EventType "team-tourn"]
[EventCountry "IND"]
[SourceTitle "playchess.com"]
[Source "ChessBase"]
[SourceQuality "1"]
[WhiteTeam "TTO"]
[BlackTeam "Mongolia"]
[BlackTeamCountry "MGL"]

1. d4 Nf6 2. c4 g6 3. Nc3 Bg7 4. e4 d6 5. Be2 O-O 6. Be3 c5 7. dxc5 Qa5 8. f3
dxc5 9. e5 Rd8 10. Qa4 Qxa4 11. Nxa4 Nfd7 12. f4 Nc6 13. O-O-O b6 14. Bf3 Bb7
15. Nh3 Bh6 16. Rhe1 Nf8 17. Nc3 Ne6 18. Bd5 Rab8 19. Kb1 Ned4 20. Bc1 Bc8 21.
Nf2 Nb4 22. Be4 Be6 23. b3 f5 24. exf6 exf6 25. g3 Bg7 26. Bb2 Bf7 27. Ne2 f5
28. Nxd4 cxd4 29. Bf3 b5 30. cxb5 Rxb5 31. Re7 Ra5 32. a3 Nd5 33. Rb7 Ne3 34.
Rc1 Nd5 35. Rd1 Ra6 36. Be2 Rb6 37. Rxb6 Nxb6 38. b4 Na4 39. Ba1 Rc8 40. Rc1
Ba2+ 41. Kxa2 Rxc1 0-1

[Event "44th Chess Olympiad Open 2022"]
[Site "Chennai"]
[Date "2022.07.30"]
[Round "2.46"]
[White "Kurniawan, Muhamad Agus"]
[Black "Duneas, John"]
[Result "1-0"]
[WhiteElo "2328"]
[BlackElo "2031"]
[Annotator "TA"]
[PlyCount "97"]
[EventDate "2022.07.29"]
[EventType "team-tourn"]
[EventCountry "IND"]
[SourceTitle "playchess.com"]
[Source "ChessBase"]
[SourceQuality "1"]
[WhiteTeam "Indonesia"]
[BlackTeam "New Zealand"]
[WhiteTeamCountry "INA"]
[BlackTeamCountry "NZL"]

1. e4 e6 2. d4 d5 3. Nc3 Nf6 4. Bg5 dxe4 5. Nxe4 Be7 6. Bxf6 gxf6 7. Nf3 a6 8.
Qe2 Qd5 9. a3 Qa5+ 10. c3 Nd7 11. b4 Qh5 12. Qc4 Qd5 13. Qxd5 exd5 14. Ng3 Nb6
15. Bd3 O-O 16. Kd2 Nc4+ 17. Bxc4 dxc4 18. Rhe1 Bd6 19. Ne4 Bf4+ 20. Kc2 Kg7
21. g3 Bh6 22. Nh4 Bg5 23. Nf3 Bh6 24. a4 Re8 25. Nh4 Bh3 26. f4 b5 27. a5 Rad8
28. Nc5 Bc8 29. Kd2 Kg8 30. Rxe8+ Rxe8 31. Re1 Rxe1 32. Kxe1 Bf8 33. Kd2 Be7
34. Ke3 f5 35. Nf3 f6 36. d5 Bxc5+ 37. bxc5 Kf7 38. c6 Ke7 39. Kd4 Kd6 40. Ne1
Ke7 41. Kc5 Kd8 42. Nc2 Ke7 43. Nd4 Kd8 44. d6 cxd6+ 45. Kxd6 h6 46. Nc2 h5 47.
Nb4 Ke8 48. Kc7 Be6 49. Nxa6 1-0

[Event "44th Chess Olympiad Open 2022"]
[Site "Chennai"]
[Date "2022.07.30"]
[Round "2.46"]
[White "Xie, Felix"]
[Black "Ervan, Mohamad"]
[Result "1/2-1/2"]
[WhiteElo "2224"]
[BlackElo "2402"]
[Annotator "TA"]
[PlyCount "61"]
[EventDate "2022.07.29"]
[EventType "team-tourn"]
[EventCountry "IND"]
[SourceTitle "playchess.com"]
[Source "ChessBase"]
[SourceQuality "1"]
[WhiteTeam "New Zealand"]
[BlackTeam "Indonesia"]
[WhiteTeamCountry "NZL"]
[BlackTeamCountry "INA"]

1. d4 Nf6 2. c4 e6 3. g3 d5 4. Nf3 Be7 5. Bg2 O-O 6. O-O dxc4 7. Ne5 Nc6 8.
Bxc6 bxc6 9. Nxc6 Qe8 10. Nxe7+ Qxe7 11. Qc2 e5 12. dxe5 Qxe5 13. Bf4 Qh5 14.
f3 Qc5+ 15. Kg2 Nd5 16. Bd2 Rb8 17. e4 c3 18. b3 Nb4 19. Qxc3 Qh5 20. g4 Bxg4
21. fxg4 Qxg4+ 22. Qg3 Qxe4+ 23. Rf3 Rb6 24. Bxb4 Rg6 25. Bxf8 Qe2+ 26. Rf2
Qe4+ 27. Rf3 Qe2+ 28. Rf2 Qe4+ 29. Rf3 Qe2+ 30. Rf2 Qe4+ 31. Rf3 1/2-1/2

[Event "44th Chess Olympiad Open 2022"]
[Site "Chennai"]
[Date "2022.07.30"]
[Round "2.49"]
[White "Prudente, Elmer"]
[Black "El Jawich, Amro"]
[Result "0-1"]
[WhiteElo "1995"]
[BlackElo "2314"]
[Annotator "TA"]
[PlyCount "41"]
[EventDate "2022.07.29"]
[EventType "team-tourn"]
[EventCountry "IND"]
[SourceTitle "playchess.com"]
[Source "ChessBase"]
[SourceQuality "1"]
[WhiteTeam "GUM"]
[BlackTeam "Lebanon"]
[BlackTeamCountry "LBN"]

1. e4 c5 2. Nf3 d6 3. d4 cxd4 4. Nxd4 Nf6 5. Nc3 Nc6 6. f3 e5 7. Nb3 Be6 8. Be3
Be7 9. g4 d5 10. exd5 Nxd5 11. Bf2 Bh4 12. Ne4 Bxf2+ 13. Kxf2 Qh4+ 14. Ng3 Rd8
15. Qe1 O-O 16. Nc5 Bc8 17. Rd1 Nd4 18. Qe4 b6 19. Nb3 Nf6 20. Qd3 Nxb3 21. Ke2
0-1